Разнолигандные биокоординационные соединения металлов в химии, биологии, медицине

書誌詳細
第一著者: Манорик П. А. Петр Андреевич
言語:ロシア語
出版事項: Киев, Наук. думка, 1991
主題:
フォーマット: MixedMaterials 図書
KOHA link:https://koha.lib.tpu.ru/cgi-bin/koha/opac-detail.pl?biblionumber=159024

MARC

LEADER 00000nam0a2200000 4500
001 159024
005 20231101222059.0
010 |a 5120014372 
020 |a RU  |b 92-367 
035 |a (RuTPU)RU\TPU\book\172471 
090 |a 159024 
100 |a 20090430d1991 km y0rusy5003 ca 
101 0 |a rus 
102 |a UA 
105 |a a z 001zy 
200 1 |a Разнолигандные биокоординационные соединения металлов в химии, биологии, медицине  |f П. А. Манорик  |g АН Украины, Ин-т физ. химии им. Л. В. Писаржевского 
210 |a Киев  |c Наук. думка  |d 1991 
215 |a 272 с.  |c ил.  |d 22 см 
320 |a Библиогр.: с. 248-271 (510 назв.)/ 
606 1 |a Комплексные соединения  |x Биологическая роль  |2 stltpush  |3 (RuTPU)RU\TPU\subj\15005  |9 41316 
610 1 |a бионеорганическая химия 
610 1 |a биохимия 
610 1 |a металлы 
610 1 |a соединения 
610 1 |a биология 
610 1 |a медицина 
610 1 |a лигандные соединения 
610 1 |a комплексы 
675 |a 577.118  |z rus 
686 |a 31.23  |2 rugasnti 
700 1 |a Манорик  |b П. А.  |g Петр Андреевич  |4 070 
801 0 |a RU  |b RuMRKP  |c 19950417  |g psbo 
801 1 |a RU  |b 63413507  |c 20090430  |g PSBO 
801 2 |a RU  |b 63413507  |c 20140702  |g PSBO 
942 |c BK